000
00323nam a22001457a 4500
003
SGT
082
_a
384
_b
T98G
100
_a
GOONA SEKERA,ANURA
245
_a
TV WITHOUT BORDERS ASIA SPEAKS OUT
250
_a
1ST
260
_a
SINGAPORE
_b
AMIC
_c
1998
300
_a
330
650
_a
MASS COMMUNICATION
942
_2
ddc
_c
BK
_0
1
999
_c
12962
_d
12962